LEADER 02527nam 2200637 a 450 001 9910461101603321 005 20200520144314.0 010 $a1-283-95348-X 010 $a1-78042-723-9 035 $a(CKB)2670000000170676 035 $a(EBL)886829 035 $a(OCoLC)794493094 035 $a(SSID)ssj0000660895 035 $a(PQKBManifestationID)12309712 035 $a(PQKBTitleCode)TC0000660895 035 $a(PQKBWorkID)10708111 035 $a(PQKB)10194002 035 $a(MiAaPQ)EBC886829 035 $a(Au-PeEL)EBL886829 035 $a(CaPaEBR)ebr10556202 035 $a(CaONFJC)MIL426598 035 $a(EXLCZ)992670000000170676 100 $a20120511d2012 uy 0 101 0 $aeng 135 $aurcnu|||||||| 181 $ctxt 182 $cc 183 $acr 200 10$aApocalypse$b[electronic resource] /$f[author, Famille Flammarion] 210 $a[New York, N.Y. $cParkstone International$d2012?] 215 $a1 online resource (256 p.) 225 1 $aMega Square 300 $a"Extract from La Fin du monde (The end of the world)." 300 $aIncludes index. 311 $a1-906981-46-9 327 $aSelected Dates of Apocalyptic Predictions; Beliefs about the end of the world through the ages; Index 330 $aThe final book of the Bible, called both Revelation and Apocalypse, prophesises what will happen at the end of time. During the Middle Ages, in a society which deeply believed in God and was mainly ruled by religious authorities, this theme has often been used in art. Its symbolic content allowed for many different interpretations, using various types of support (tapestries, illuminations, sculpture, painting). This book pools the most famous pieces of art inspired by this theme, such as the Apocalypse drapery from Angers Cathedral, the carved tympanum of the Autun Cathedral, and the fresco in 410 0$aMega Square 606 $aApocalyptic art 606 $aChristian art and symbolism 606 $aApocalyptic art$vPictorial works 606 $aChristian art and symbolism$vPictorial works 608 $aElectronic books. 615 0$aApocalyptic art. 615 0$aChristian art and symbolism. 615 0$aApocalyptic art 615 0$aChristian art and symbolism 676 $a236.9 700 $aFlammarion$b Camille$f1842-1925.$03296 801 0$bMiAaPQ 801 1$bMiAaPQ 801 2$bMiAaPQ 906 $aBOOK 912 $a9910461101603321 996 $aApocalypse$92288095 997 $aUNINA LEADER 03108 am 22008053u 450 001 996209562603316 005 20231003140023.0 010 $a1-5261-3724-0 010 $a1-78170-043-5 010 $a1-280-73444-2 010 $a9786610734443 010 $a1-84779-077-1 010 $a1-4237-0649-8 024 7 $a10.7765/9781526137241 035 $a(CKB)1000000000030946 035 $a(EBL)589320 035 $a(OCoLC)559816980 035 $a(SSID)ssj0000100065 035 $a(PQKBManifestationID)11114064 035 $a(PQKBTitleCode)TC0000100065 035 $a(PQKBWorkID)10036624 035 $a(PQKB)11747471 035 $a(StDuBDS)EDZ0000085759 035 $a(MiAaPQ)EBC589320 035 $a(oapen)https://directory.doabooks.org/handle/20.500.12854/34070 035 $a(DE-B1597)659247 035 $a(DE-B1597)9781526137241 035 $a(EXLCZ)991000000000030946 100 $a20160209e20182003 uy 0 101 0 $aeng 135 $aurmn#---||||| 181 $ctxt$2rdacontent 182 $cc$2rdamedia 183 $acr$2rdacarrier 200 10$aAfter the new social democracy $esocial welfare for the twenty-first century /$fTony Fitzpatrick 210 $cManchester University Press$d2003 210 1$aManchester, England ;$aNew York, New York :$cManchester University Press,$d2018, 2003. 210 4$dİ2003 215 $a1 online resource (viii, 232 pages) $cillustrations; digital file(s) 300 $aDescription based upon print version of record. 311 $a0-7190-6476-7 320 $aIncludes bibliographical references and index. 327 $aList of figures --Preface and acknowledgements --Introduction --PART I --1. The long march back --2. Justice and citizenship --3. The security state --4. Social democracy in Europe --PART I I --5. Productivism and beyond --6. A model of ecowelfare --7. The welfare of future generations --8. The new genetics --9. Democratising welfare --Conclusion --References --Index. 330 $aSocial democracy has made a political comeback in recent years, especially under the influence of the Third Way. Not everyone is convinced, however, that Third Way social democracy is the best means of reviving the Left's project. This book considers this dissent and offers an alternative approach. 606 $aSocialism$zGreat Britain 606 $aNew Left$zGreat Britain 606 $aMixed economy$zGreat Britain 607 $aGreat Britain$xEconomic conditions 610 $awelfare 610 $aglobalisation 610 $agender 610 $ademocratisation 610 $aConservatism 610 $aEgalitarianism 610 $aNew Labour 610 $aProductivism 610 $aSocial democracy 615 0$aSocialism 615 0$aNew Left 615 0$aMixed economy 676 $a330.1260941 700 $aFitzpatrick$b Tony$f1966-$0147459 801 0$bMiAaPQ 801 1$bMiAaPQ 801 2$bMiAaPQ 801 2$bUkMaJRU 906 $aBOOK 912 $a996209562603316 996 $aAfter the new social democracy$92023528 997 $aUNISA